000 00578nam a2200241 a 4500
001 nice12345678
003 IN_TiNIC
005 20260116013009.0
008 050524s1976 bria grp 000 0 eng
020 _a
_c100
082 0 0 _a269.2
_bBRO1
100 _aBrown, David
245 _aNew Threshold
260 _aBritain
_bBritish Council of Churches and the Conf
_c1976
300 _a41p
500 _aincludes index and biblioraphy
505 2 _aIndex
650 _aEvangelistic Work
700 1 _aBrown, David
902 _bSRS
942 _cBK
999 _c9205
_d9205